| 000 | 00806cam a2200229 4500 | ||
|---|---|---|---|
| 001 | ABS62760 | ||
| 008 | 000000n2000 000 0 eng u | ||
| 035 | _a(Sirsi) u107841 | ||
| 245 | _aThey come in peace | ||
| 260 | _c2000 | ||
| 490 |
_aEstates Gazette _v(0030) 29 July 2000, 118-119(2) |
||
| 520 | _aA 'mainly for students' article looking at the principle of peaceful re-entry. Outlines what the term means and considers how effective the procedure is as a means of forfeiting a lease. Case law. | ||
| 590 | _aABS | ||
| 650 | _aLEASES | ||
| 650 | _aPEACEABLE RE-ENTRY | ||
| 650 | _aFORFEITURE | ||
| 650 | _aWAIVER | ||
| 650 | _aLAW OF PROPERTY ACT 1925 | ||
| 650 | _aRELIEF | ||
| 690 | _aPROPERTY-RESIDENTIAL PROPERTY-RESIDENTIAL LANDLORD AND TENANT-RESIDENTIAL TENANCIES | ||
| 942 | _n0 | ||
| 999 |
_c64416 _d64416 |
||